Obscure cities, towns and villages (name the country) - Statistics

General Stats
  • This quiz has been taken 17 times
  • The average score is 5 of 12
Answer Stats
Hint Answer % Correct
Hammerfest Norway
87%
Chicken USA
73%
Vysoké Mýto Czechia
60%
Drogomyśl Poland
60%
Grametten Austria
40%
kismaayo Somalia
33%
Wau South Sudan
33%
Mao Chad
27%
Meme Myanmar
20%
Pini Romania
20%
Robertsport Liberia
13%
Labé Guinea
7%
No matching quizzes found
Score Distribution
Percent of People with Each Score
Percentile by Number Answered
Your Score History
You have not taken this quiz